000 00570nam a2200205Ia 4500
005 20250923144850.0
008 008 250917s9999 xx 000 0 eng d
037 _aTextual
040 _aDSWL
_beng
_cDSWL
041 _aeng
_2eng
084 _aX:75.73.N6, K3
_qDSWL
100 _aMyrdal, Gunnar
_9829214
245 0 _aChallenge to affluence
_cby Gunnar Myrdal
260 _aLondon
_bVictor Gollancz Ltd.
_c1963
300 _a160p.
365 _aINR
_b21
925 _g21
942 _cTEXL
_hX:75.73.N6, K3
999 _c1444339
_d1444339